Central Library OPAC University of Rajshahi

বহ্নি সাগর / (Record no. 64161)

MARC details
000 -LEADER
fixed length control field 00965nam a2200241 a 4500
001 - CONTROL NUMBER
control field 64161
003 - CONTROL NUMBER IDENTIFIER
rucl marc code BD-RjUL
005 - DATE AND TIME OF LATEST TRANSACTION
control field 20211209081258.0
008 - FIXED-LENGTH DATA ELEMENTS--GENERAL INFORMATION
fixed length control field 170209s1973 ii ||||| |||| 00| f ben d
020 ## - INTERNATIONAL STANDARD BOOK NUMBER
Terms of availability : Tk. 8.25
035 ## - SYSTEM CONTROL NUMBER
System control number (BD-RjUL)64291
040 ## - CATALOGING SOURCE
Original cataloging agency BD-RjUL
Language of cataloging ben
Transcribing agency BD-RjUL
Modifying agency BD-RjUL
041 ## - LANGUAGE CODE
Language code of text/sound track or separate title ben
082 ## - DEWEY DECIMAL CLASSIFICATION NUMBER
Edition number 23
Classification number 891.443
Author mark and year HAB 1973
100 ## - MAIN ENTRY--PERSONAL NAME
Personal name হায়দার, কুরঅতুলয়েন
9 (RLIN) 177439
245 ## - TITLE STATEMENT
Title বহ্নি সাগর /
Statement of responsibility, etc. কুরঅতুলয়েন হায়দার ; অনুবাদ আশীষ সিনহা
260 ## - PUBLICATION, DISTRIBUTION, ETC. (IMPRINT)
Place of publication, distribution, etc. নিউ দিল্লী :
Name of publisher, distributor, etc. ন্যাশনাল বুক ট্রাস্ট,
Date of publication, distribution, etc. ১৯৭৩
300 ## - PHYSICAL DESCRIPTION
Pagination [৬], ৩৯৫ পৃ. ;
Size ২৩ সেমি.
650 ## - SUBJECT ADDED ENTRY--TOPICAL TERM
Topical term or geographic name as entry element বাংলা উপন্যাস
9 (RLIN) 170454
Topical term or geographic name as entry element Bengali Fiction
9 (RLIN) 170455
700 ## - ADDED ENTRY--PERSONAL NAME
Personal name সিনহা, আশীষ, অনুবাদক
942 ## - ADDED ENTRY ELEMENTS (KOHA)
Source of classification or shelving scheme Dewey Decimal Classification
Koha item type Books
Holdings
Lost status Source of classification or shelving scheme Damaged status Not for loan Collection code Permanent Location Current Location Shelving location Date acquired Source of acquisition Total Checkouts Full call number Date last seen Copy number Koha item type
  Dewey Decimal Classification   Not For Loan Fiction Central Library, University of Rajshahi Central Library, University of Rajshahi Reading Room 27/02/1986 Ankur Prokasoni, Dhaka   B 891.443 HAB 1973 09/02/2017 C-1 Books